| 000 | 00386nam a22001217a 4500 | ||
|---|---|---|---|
| 008 | 230221b |||||||| |||| 00| 0 eng d | ||
| 040 |
_aNational Science Library _cNational Science Library |
||
| 080 |
_a624(035) _bP2 |
||
| 245 |
_aNabhi's CPWD manual volume II 2002 _c/ A Nabhi Publication |
||
| 260 |
_aNew Delhi: _bNabhi Publication, _c2002 |
||
| 650 | _aScience | ||
| 942 |
_2udc _cREF |
||
| 999 |
_c47011 _d47011 |
||